00550 2200193 4500001002100000005001500021035002000036245010600056100003300162250001400195300002300209260003200232082001400264084002000278020001800298650002000316990001000336990001000346INLIS00000000003482720221219125552 a0010-12220001621 aYou've Got Future Me :bketika cinta tiba, jalan hidup ada di tanganmu Engkau yang menentukan /cRere0 aRere; Editotr : Atma Sasmita aCetakan 1 a254 hlm ;c19,5 cm aYogyakarta :bAraska,c2018 a899.221'3 a899.221'3 RER y a9786025805530 4aFiksi Indonesia a55267 a55268